Nariadenie vlády Slovenskej republiky č. 45/2002 Z.z. zo 16. januára 2002 o ochrane zdravia pri práci s chemickými faktormi

Nariadenie vlády SR č. 45/2002 o ochrane zdravia pri práci s chemickými faktormi. Toto nariadenie ustanovuje minimálne požiadavky na ochranu zamestnancov pred rizikom ich vystavenia chemickým faktorom pri práci a na predchádzanie tomuto riziku; vzťahuje sa na všetky pracovné činnosti súvisiace s che...

Descrizione completa

Salvato in:
Dettagli Bibliografici
Natura: Capitolo di libro
Lingua:slovacco
Soggetti:
Tags: Aggiungi Tag
Nessun Tag, puoi essere il primo ad aggiungerne!!

MARC

LEADER 00000naa a2200000 4500
001 r044619
005 20230927065946.1
041 0 |a slo 
044 |a SK 
245 1 0 |a Nariadenie vlády Slovenskej republiky č. 45/2002 Z.z. zo 16. januára 2002 o ochrane zdravia pri práci s chemickými faktormi 
520 |a Nariadenie vlády SR č. 45/2002 o ochrane zdravia pri práci s chemickými faktormi. Toto nariadenie ustanovuje minimálne požiadavky na ochranu zamestnancov pred rizikom ich vystavenia chemickým faktorom pri práci a na predchádzanie tomuto riziku; vzťahuje sa na všetky pracovné činnosti súvisiace s chemickým faktorom pri práci. Dôvodová správa k nariadeniu vlády SR o ochrane pri práci s chemickými faktormi. 
610 2 0 |a ochrana práce 
610 2 0 |a bezpečnosť práce 
610 2 0 |a ochrana zdravia 
610 2 0 |a látky chemické 
610 2 0 |a zákony 
610 2 0 |a Slovensko 
610 2 0 |a správy dôvodové 
610 2 0 |a január 
610 2 0 |a 2002